01583nam a2200373 i 450000100060000000300080000600500170001400600190003100700150005000800410006501700500010602000220015604000310017805000240020908000260023308000260025908200120028524501310029724600670042826400490049526400110054430001530055533600310070833700330073933800430077250000210081550400420083658800830087865000430096165000430100465500270104770000720107485600630114628674FINmELB20241216220059.0m o u cr cn|||||||||240214s2020 sp abe b 000 0dspa  aM 27199-2020bOficina Depósito Legal Madrid a978-84-1352-094-0 aFINmELBbspaerdacFINmELB 4aHT384.S7bI547 2020 a711.434.035/.036(460) a711.434.035/.036(720)04a30722304aLas infraestructuras en la construcción de la ciudad :bEspaña y México, 1850-1936 /cLuis Enrique Otero Carvajal (ed.).14aLas infraestructuras en la construcción de la ciudad moderna 1aMadrid :bLos Libros de la Catarata,c[2020] 4c©2020 a1 recurso en línea (281 páginas) :bilustraciones (blanco y negro), mapas (blanco y negro), planos (blanco y negro), gráficos (blanco y negro) atextobtxt2rdacontent/spa acomputadorabc2rdamedia/spa arecurso en líneabcr2rdacarrier/spa aEn el lomo: 806. aIncluye referencias bibliográficas. aDescripción basada en metadatos suministrados por el editor y otras fuentes. 4aDesarrollo urbanozEspañavHistoria. 4aDesarrollo urbanozMéxicovHistoria. 4aLibros electrónicos.1 aOtero Carvajal, Luis Enrique,d1957-edirector de la publicación.40uhttps://elibro.net/ereader/politecnicointernacional/247035